[Event "Manchester op"]
[Site "Bolton"]
[Date "2023.08.20"]
[Round "5"]
[White "Holland, Christopher"]
[Black "Parry, Samuel A"]
[Result "1-0"]
[WhiteElo "2094"]
[BlackElo "1796"]
[PlyCount "91"]
[EventDate "2023.08.18"]
[EventType "swiss"]
[EventRounds "5"]
[EventCountry "ENG"]
[SourceTitle "CBM 215 Extra"]
[Source "ChessBase"]
[SourceDate "2023.09.30"]
[SourceVersion "1"]
[SourceVersionDate "2023.09.30"]
[SourceQuality "1"]

1. c4 Nf6 2. Nc3 d6 3. Nf3 g6 4. d4 Bg7 5. Bg5 0-0 6. e3 c5 7. Be2 Bf5 8. 0-0 Ne4 9. Nxe4 Bxe4 10. Qd2 Nd7 11. Rad1 Rc8 12. b3 Re8 13. Ne1 cxd4 14. exd4 d5 15. c5 Nb8 16. g4 f6 17. Be3 g5 18. b4 Qc7 19. Nc2 Rcd8 20. Na3 Qd7 21. b5 h6 22. f3 Bg6 23. Rc1 Rc8 24. Rfd1 f5 25. Bd3 Qe6 26. Re1 Qf7 27. Bf2 e5 28. gxf5 Bh5 29. dxe5 Bxe5 30. Rxe5 Rxe5 31. Bd4 Ree8 32. Qf2 Nd7 33. f4 Re4 34. Bxe4 dxe4 35. Nc4 Qd5 36. fxg5 hxg5 37. Nd6 Rf8 38. Qe3 Rxf5 39. Nxf5 Qxf5 40. c6 Bf3 41. cxd7 Qg4+ 42. Kf2 Qxd7 43. Qxg5+ Kh7 44. Qh4+ Kg6 45. Rg1+ Kf5 46. Qf6# 1-0

[Event "Newcastle Northumbria Masters"]
[Site "Newcastle on Tyne"]
[Date "2019.08.23"]
[Round "1"]
[White "Gormally, Daniel"]
[Black "Holland, Christopher"]
[Result "1-0"]
[WhiteElo "2509"]
[BlackElo "2143"]
[PlyCount "73"]
[EventDate "2019.08.23"]
[EventType "swiss"]
[EventRounds "9"]
[EventCountry "ENG"]
[SourceTitle "EXT 2020"]
[Source "ChessBase"]
[SourceDate "2019.10.17"]
[SourceVersion "1"]
[SourceVersionDate "2019.10.17"]
[SourceQuality "1"]

1. d4 Nf6 2. Nf3 g6 3. g3 Bg7 4. Bg2 0-0 5. 0-0 d6 6. Nc3 c6 7. e4 Qc7 8. Bf4 Nh5 9. Be3 e5 10. h3 Re8 11. a4 a5 12. Re1 Na6 13. Qd2 Bf8 14. Rad1 f6 15. Nh2 Be6 16. g4 Ng7 17. f4 exf4 18. Bxf4 Bf7 19. Kh1 Ne6 20. Bg3 Rad8 21. Rf1 Qe7 22. d5 Nec5 23. g5 fxg5 24. Ng4 Bg7 25. dxc6 h5 26. Nd5 Bxd5 27. Qxd5+ Qe6 28. Nf6+ Bxf6 29. Rxf6 Qxd5 30. exd5 bxc6 31. Rxg6+ Kh7 32. Rxg5 cxd5 33. Rdxd5 Nxa4 34. Rxh5+ Kg6 35. Rdg5+ Kf6 36. Bh4 Ke6 37. Rh6+ 1-0

[Event "GBR-ch 106th"]
[Site "Torquay"]
[Date "2019.08.01"]
[Round "6"]
[White "Holland, Christopher"]
[Black "Wall, Tim"]
[Result "1-0"]
[WhiteElo "2143"]
[BlackElo "2246"]
[PlyCount "71"]
[EventDate "2019.07.27"]
[EventType "swiss"]
[EventRounds "9"]
[EventCountry "ENG"]
[SourceTitle "CBM 191 Extra"]
[Source "ChessBase"]
[SourceDate "2019.09.30"]
[SourceVersion "1"]
[SourceVersionDate "2019.09.30"]
[SourceQuality "1"]

1. c4 f5 2. Nc3 Nf6 3. d4 d6 4. e3 c6 5. Nf3 g6 6. b4 Bg7 7. Rb1 0-0 8. Qb3 a5 9. c5+ Kh8 10. Na4 Nd5 11. b5 dxc5 12. Nxc5 b6 13. Na4 Be6 14. Bd2 Qd6 15. Qb2 c5 16. Be2 Nd7 17. 0-0 N7f6 18. dxc5 bxc5 19. Rfd1 Ne4 20. Qc2 g5 21. Bd3 c4 22. Bxe4 fxe4 23. Nxg5 Bf5 24. Bc3 Nxc3 25. Rxd6 Nxb1 26. Rd5 Na3 27. Qc1 e6 28. Rc5 Rad8 29. h4 Rd3 30. b6 Bg4 31. f3 exf3 32. gxf3 Bf5 33. e4 Bd4+ 34. Kg2 Bxc5 35. Nxc5 Bg6 36. Nxd3 1-0

[Event "GBR-ch 106th"]
[Site "Torquay"]
[Date "2019.07.27"]
[Round "1"]
[White "Holland, Christopher"]
[Black "Eggleston, David"]
[Result "0-1"]
[WhiteElo "2143"]
[BlackElo "2399"]
[PlyCount "62"]
[EventDate "2019.07.27"]
[EventType "swiss"]
[EventRounds "9"]
[EventCountry "ENG"]
[SourceTitle "CBM 191 Extra"]
[Source "ChessBase"]
[SourceDate "2019.09.30"]
[SourceVersion "1"]
[SourceVersionDate "2019.09.30"]
[SourceQuality "1"]

1. e4 e6 2. d4 d5 3. Nc3 Nf6 4. Bg5 dxe4 5. Nxe4 Be7 6. Bxf6 gxf6 7. Nf3 f5 8. Ng3 a6 9. Bd3 c5 10. 0-0 Nc6 11. dxc5 Qa5 12. Re1 Qxc5 13. Qe2 Bd7 14. c3 h5 15. Nd4 h4 16. Nb3 Qb6 17. Nf1 0-0-0 18. Nfd2 Qc7 19. Nc4 h3 20. g3 f4 21. Rad1 f5 22. Nd4 fxg3 23. Nxe6 gxf2+ 24. Qxf2 Rhg8+ 25. Kh1 Bxe6 26. Rxe6 Rg2 27. Rxc6 Qxc6 28. Bxf5+ Kc7 29. Qf4+ Bd6 30. Rxd6 Rg1+ 31. Kxg1 Qg2# 0-1

[Event "Olympiad-41"]
[Site "Tromsoe"]
[Date "2014.08.10"]
[Round "8.1"]
[White "Holland, Christopher"]
[Black "De Mey, Juan Pablo"]
[Result "0-1"]
[WhiteElo "2270"]
[BlackElo "1937"]
[PlyCount "52"]
[EventDate "2014.08.02"]
[EventType "team-swiss"]
[EventRounds "11"]
[EventCountry "NOR"]
[SourceTitle "CBM 162"]
[Source "ChessBase"]
[SourceDate "2014.09.17"]
[SourceVersion "1"]
[SourceVersionDate "2014.09.17"]
[SourceQuality "1"]
[WhiteTeam "Guernsey"]
[BlackTeam "Aruba"]
[WhiteTeamCountry "GCI"]
[BlackTeamCountry "ARN"]

1. d4 f5 2. c4 Nf6 3. Nc3 e6 4. Qc2 Nc6 5. e3 Be7 6. Bd2 a6 7. Nf3 0-0 8. d5 Nb8 9. 0-0-0 c6 10. e4 fxe4 11. Nxe4 cxd5 12. Nxf6+ Bxf6 13. cxd5 exd5 14. Bc3 Nc6 15. Rxd5 d6 16. h4 g6 17. Ng5 Ne5 18. Ne4 Bg7 19. Rxd6 Qe7 20. Qb3+ Kh8 21. h5 Bf5 22. f4 Bxe4 23. fxe5 Qg5+ 24. Bd2 Qxe5 25. hxg6 Rxf1+ 26. Rxf1 Qxd6 0-1

[Event "Olympiad-41"]
[Site "Tromsoe"]
[Date "2014.08.06"]
[Round "5.1"]
[White "Mueller, Leonhard"]
[Black "Holland, Christopher"]
[Result "1-0"]
[WhiteElo "2183"]
[BlackElo "2270"]
[PlyCount "81"]
[EventDate "2014.08.02"]
[EventType "team-swiss"]
[EventRounds "11"]
[EventCountry "NOR"]
[SourceTitle "CBM 162"]
[Source "ChessBase"]
[SourceDate "2014.09.17"]
[SourceVersion "1"]
[SourceVersionDate "2014.09.17"]
[SourceQuality "1"]
[WhiteTeam "Namibia"]
[BlackTeam "Guernsey"]
[WhiteTeamCountry "NAM"]
[BlackTeamCountry "GCI"]

1. d4 Nf6 2. c4 g6 3. Nc3 Bg7 4. e4 d6 5. Nf3 0-0 6. Be2 e5 7. 0-0 Nc6 8. d5 Ne7 9. Nd2 a5 10. a3 Nd7 11. Rb1 f5 12. b4 Kh8 13. f3 Ng8 14. Qc2 Ngf6 15. Bd3 f4 16. Nb5 axb4 17. axb4 g5 18. c5 Ne8 19. Be2 Ndf6 20. Bb2 g4 21. Ra1 Rxa1 22. Rxa1 gxf3 23. Bxf3 Bd7 24. Qd3 Ng4 25. Bxg4 Bxg4 26. Nf3 Nf6 27. Bc3 Bd7 28. Na3 Qe8 29. b5 Qg6 30. c6 bxc6 31. bxc6 Bg4 32. Re1 Ra8 33. Nc4 Ra2 34. Ncd2 Nxd5 35. Nh4 Qg5 36. Qxd5 Qxh4 37. Qxa2 Qxe1+ 38. Nf1 Qxc3 39. Qa8+ Bc8 40. Qxc8+ Bf8 41. Qxf8# 1-0

[Event "Le Touquet op 18th"]
[Site "Le Touquet"]
[Date "2003.10.30"]
[Round "5"]
[White "Gaillard, Bruno"]
[Black "Holland, Christopher"]
[Result "1-0"]
[WhiteElo "2053"]
[BlackElo "2270"]
[PlyCount "47"]
[EventDate "2003.10.26"]
[EventType "swiss"]
[EventRounds "9"]
[EventCountry "FRA"]
[SourceTitle "EXT 2004"]
[Source "ChessBase"]
[SourceDate "2003.11.25"]
[SourceVersion "1"]
[SourceVersionDate "2003.11.25"]
[SourceQuality "1"]

1. e4 c6 2. d4 d5 3. e5 Bf5 4. Nf3 e6 5. c4 Ne7 6. Nc3 dxc4 7. Bxc4 Bg4 8. Be2 Nf5 9. d5 cxd5 10. Qa4+ Nc6 11. Qxg4 d4 12. Ne4 d3 13. Bd1 Nxe5 14. Nxe5 Qa5+ 15. Bd2 Qxe5 16. 0-0 0-0-0 17. Rc1+ Kd7 18. Bc3 Qb5 19. Nf6+ Ke7 20. Ba4 Qb6 21. Nh5 Nd4 22. Bxd4 Qxd4 23. Rc7+ Kd6 24. Qxd4+ 1-0

[Event "Le Touquet op 18th"]
[Site "Le Touquet"]
[Date "2003.10.28"]
[Round "3"]
[White "Legrand, Patrick A"]
[Black "Holland, Christopher"]
[Result "1-0"]
[WhiteElo "2039"]
[BlackElo "2270"]
[PlyCount "43"]
[EventDate "2003.10.26"]
[EventType "swiss"]
[EventRounds "9"]
[EventCountry "FRA"]
[SourceTitle "EXT 2004"]
[Source "ChessBase"]
[SourceDate "2003.11.25"]
[SourceVersion "1"]
[SourceVersionDate "2003.11.25"]
[SourceQuality "1"]

1. e4 c6 2. d4 d5 3. Nc3 dxe4 4. Nxe4 Nd7 5. Nf3 Ngf6 6. Ng3 Nb6 7. h3 e6 8. Bd3 Bd6 9. 0-0 0-0 10. Re1 Qc7 11. Ne4 Nxe4 12. Rxe4 Nd7 13. Rh4 g6 14. Bh6 Re8 15. Qd2 Bf8 16. Bxf8 Nxf8 17. Re1 Bd7 18. Qg5 Rac8 19. Ne5 c5 20. Ng4 Red8 21. Qf6 h5 22. Rxh5 1-0

[Event "Le Touquet op 18th"]
[Site "Le Touquet"]
[Date "2003.10.27"]
[Round "2"]
[White "Holland, Christopher"]
[Black "Trouville, Remi"]
[Result "0-1"]
[WhiteElo "2270"]
[BlackElo "2074"]
[PlyCount "52"]
[EventDate "2003.10.26"]
[EventType "swiss"]
[EventRounds "9"]
[EventCountry "FRA"]
[SourceTitle "EXT 2004"]
[Source "ChessBase"]
[SourceDate "2003.11.25"]
[SourceVersion "1"]
[SourceVersionDate "2003.11.25"]
[SourceQuality "1"]

1. d4 e6 2. Nf3 b6 3. Bf4 Bb7 4. e3 Nf6 5. Be2 d6 6. c4 Be7 7. Nc3 Nbd7 8. Qc2 Nh5 9. Bg3 Bf6 10. Rd1 Qe7 11. Ne4 Nxg3 12. Nxf6+ Nxf6 13. hxg3 Ne4 14. d5 Nf6 15. Qa4+ Qd7 16. Qxd7+ Nxd7 17. Ng5 Nf8 18. dxe6 fxe6 19. Bf3 Bxf3 20. gxf3 Ke7 21. Rh4 h6 22. f4 Ng6 23. Nxe6 Kxe6 24. Rg4 Kf6 25. Rd5 Rae8 26. f5 Ne5 0-1

[Event "Bethune-C"]
[Site "Bethune"]
[Date "2001.??.??"]
[Round "?"]
[White "Holland, Christopher"]
[Black "Bosch, Joachim"]
[Result "0-1"]
[WhiteElo "1650"]
[BlackElo "1640"]
[PlyCount "40"]
[EventDate "2001.??.??"]
[EventType "tourn"]
[EventRounds "9"]
[EventCountry "FRA"]
[SourceTitle "EXT 2003"]
[Source "ChessBase"]
[SourceDate "2002.11.25"]
[SourceVersion "1"]
[SourceVersionDate "2002.11.25"]
[SourceQuality "1"]

1. Nf3 d5 2. c4 e6 3. d4 Nf6 4. Nc3 Nbd7 5. Bg5 Be7 6. e3 0-0 7. cxd5 exd5 8. Rc1 c6 9. Bd3 Re8 10. 0-0 Ne4 11. Bxe7 Qxe7 12. a3 a6 13. b4 b5 14. Nd2 Nxd2 15. Qxd2 Nb6 16. Qc2 h6 17. Be2 Nc4 18. Bxc4 dxc4 19. Rfe1 Qg5 20. f3 Rxe3 0-1

[Event "Bethune-C"]
[Site "Bethune"]
[Date "2001.??.??"]
[Round "?"]
[White "Holland, Christopher"]
[Black "Sorel, Pascal"]
[Result "0-1"]
[WhiteElo "1650"]
[BlackElo "1800"]
[PlyCount "118"]
[EventDate "2001.??.??"]
[EventType "tourn"]
[EventRounds "9"]
[EventCountry "FRA"]
[SourceTitle "EXT 2003"]
[Source "ChessBase"]
[SourceDate "2002.11.25"]
[SourceVersion "1"]
[SourceVersionDate "2002.11.25"]
[SourceQuality "1"]

1. d4 Nf6 2. c4 g6 3. Nc3 Bg7 4. e4 d6 5. Nf3 0-0 6. Be2 e5 7. 0-0 Nc6 8. d5 Ne7 9. Ne1 Ne8 10. Be3 f5 11. f3 Nf6 12. c5 f4 13. Bf2 Nh5 14. Nd3 Kh8 15. Rc1 Ng8 16. cxd6 cxd6 17. Nb5 Qg5 18. Nc7 Bh3 19. Ne1 Rac8 20. Ne6 Bxe6 21. dxe6 Qe7 22. Bc4 Bh6 23. Bxa7 b5 24. Bb3 Qxa7+ 25. Kh1 Rxc1 26. Qxc1 Ne7 27. Nd3 Rc8 28. Qd2 Nf6 29. Qb4 d5 30. exd5 Nexd5 31. Bxd5 Nxd5 32. Qd6 Ne3 33. Qd7 Qxd7 34. exd7 Rd8 35. Nxe5 Rxd7 36. Nxd7 Nxf1 37. Kg1 Ne3 38. Nb6 Nc4 39. Nxc4 bxc4 40. Kf2 Bf8 41. Ke2 Bg7 42. b3 cxb3 43. axb3 Bd4 44. Kd3 Be5 45. b4 Kg7 46. Ke4 Kf6 47. b5 Ke6 48. b6 Bb8 49. b7 g5 50. Kd4 Kf5 51. Kd3 h5 52. Ke2 g4 53. fxg4+ hxg4 54. Kf2 Ke4 55. h3 Ba7+ 56. Ke2 gxh3 57. gxh3 Kf5 58. Kf3 Bb8 59. h4 Bc7 0-1

[Event "Bethune-C"]
[Site "Bethune"]
[Date "2001.??.??"]
[Round "?"]
[White "Lefebvre, Herve"]
[Black "Holland, Christopher"]
[Result "1/2-1/2"]
[WhiteElo "1640"]
[BlackElo "1650"]
[PlyCount "27"]
[EventDate "2001.??.??"]
[EventType "tourn"]
[EventRounds "9"]
[EventCountry "FRA"]
[SourceTitle "EXT 2003"]
[Source "ChessBase"]
[SourceDate "2002.11.25"]
[SourceVersion "1"]
[SourceVersionDate "2002.11.25"]
[SourceQuality "1"]

1. f4 d5 2. Nf3 Nf6 3. e3 c5 4. c3 Nc6 5. Bb5 Bd7 6. Bxc6 Bxc6 7. d4 e6 8. Nbd2 Be7 9. a4 Rc8 10. Ne5 Bd6 11. Nxc6 Rxc6 12. 0-0 Qc7 13. g3 cxd4 14. exd4 1/2-1/2

[Event "Bethune-C"]
[Site "Bethune"]
[Date "2001.??.??"]
[Round "?"]
[White "Sergent, Francois"]
[Black "Holland, Christopher"]
[Result "0-1"]
[WhiteElo "1640"]
[BlackElo "1650"]
[PlyCount "42"]
[EventDate "2001.??.??"]
[EventType "tourn"]
[EventRounds "9"]
[EventCountry "FRA"]
[SourceTitle "EXT 2003"]
[Source "ChessBase"]
[SourceDate "2002.11.25"]
[SourceVersion "1"]
[SourceVersionDate "2002.11.25"]
[SourceQuality "1"]

1. e4 c6 2. d4 d5 3. e5 Bf5 4. Nc3 e6 5. g4 Bg6 6. h4 h5 7. g5 c5 8. Be3 Nc6 9. Nge2 Nge7 10. Nf4 Bxc2 11. Qxc2 cxd4 12. Bxd4 Nxd4 13. Bb5+ Nec6 14. Bxc6+ bxc6 15. Qd3 Qb6 16. g6 Nf5 17. gxf7+ Kxf7 18. 0-0 Qd4 19. Qf3 Nxh4 20. Qg3 g5 21. Nfe2 Qxe5 0-1

[Event "Bethune op 21st"]
[Site "Bethune"]
[Date "2000.??.??"]
[Round "5"]
[White "Holland, Christopher"]
[Black "Desjacques, Matthieu"]
[Result "1/2-1/2"]
[WhiteElo "2270"]
[BlackElo "1830"]
[PlyCount "43"]
[EventDate "2000.12.26"]
[EventType "swiss"]
[EventRounds "7"]
[EventCountry "FRA"]
[SourceTitle "EXT 2003"]
[Source "ChessBase"]
[SourceDate "2002.11.25"]
[SourceVersion "1"]
[SourceVersionDate "2002.11.25"]
[SourceQuality "1"]

1. Nf3 Nf6 2. g3 g6 3. Bg2 Bg7 4. d3 0-0 5. 0-0 d5 6. Nbd2 c6 7. c4 Bg4 8. b4 a5 9. b5 dxc4 10. bxc6 Nxc6 11. Nxc4 Nd5 12. Bd2 Bxa1 13. Qxa1 b5 14. Bh6 Nf6 15. Nce5 Bxf3 16. Bxf3 Nd4 17. Bxa8 Nxe2+ 18. Kg2 Qxa8+ 19. f3 Rd8 20. Ng4 Qc6 21. Qe5 Qe6 22. Nxf6+ 1/2-1/2

[Event "Bethune op 21st"]
[Site "Bethune"]
[Date "2000.??.??"]
[Round "4"]
[White "Vandeweeghe, Simon"]
[Black "Holland, Christopher"]
[Result "1/2-1/2"]
[WhiteElo "2065"]
[BlackElo "2270"]
[PlyCount "30"]
[EventDate "2000.12.26"]
[EventType "swiss"]
[EventRounds "7"]
[EventCountry "FRA"]
[SourceTitle "EXT 2003"]
[Source "ChessBase"]
[SourceDate "2002.11.25"]
[SourceVersion "1"]
[SourceVersionDate "2002.11.25"]
[SourceQuality "1"]

1. e4 c6 2. d4 d5 3. e5 Bf5 4. f4 e6 5. Nf3 h5 6. Be2 Nh6 7. 0-0 c5 8. c3 Nc6 9. b3 Rc8 10. Bd3 cxd4 11. Nxd4 Bc5 12. Be3 Ng4 13. Nxf5 Bxe3+ 14. Nxe3 Qb6 15. Qf3 Nxe3 1/2-1/2

[Event "Sutton op"]
[Site "Sutton"]
[Date "1997.??.??"]
[Round "?"]
[White "Holland, Christopher"]
[Black "Adams, Michael"]
[Result "0-1"]
[WhiteElo "2270"]
[BlackElo "2665"]
[PlyCount "76"]
[EventDate "1997.??.??"]
[EventType "swiss"]
[EventRounds "9"]
[EventCountry "ENG"]
[SourceTitle "EXT 2000"]
[Source "ChessBase"]
[SourceDate "1999.11.16"]
[SourceVersion "1"]
[SourceVersionDate "1999.11.16"]
[SourceQuality "1"]

1. c4 Nf6 2. Nc3 e5 3. Nf3 Nc6 4. e4 Bb4 5. d3 d6 6. g3 a6 7. Bg2 0-0 8. 0-0 Bc5 9. h3 Be6 10. Kh2 h6 11. Ne1 b5 12. Nd5 Nd4 13. f4 Bxd5 14. cxd5 c6 15. dxc6 Rc8 16. g4 Rxc6 17. g5 hxg5 18. fxg5 Ne8 19. Bd2 g6 20. Rc1 Ng7 21. h4 Qc7 22. Bh3 Bb6 23. Ng2 Nde6 24. Qf3 Rxc1 25. Rxc1 Qb7 26. Bg4 Nd4 27. Qd1 d5 28. Qe1 Nge6 29. Bb4 Re8 30. b3 Nf4 31. Nxf4 exf4 32. Bd6 dxe4 33. dxe4 f3 34. e5 Ne2 35. Rc2 Qe4 36. Bxf3 Qxc2 37. Qxe2 Qxe2+ 38. Bxe2 Bd4 0-1

[Event "4NCL 9495 2nd Season"]
[Site "England"]
[Date "1995.05.20"]
[Round "11.2"]
[White "Smith, Jeff R"]
[Black "Holland, Christopher"]
[Result "0-1"]
[WhiteElo "2205"]
[BlackElo "2275"]
[PlyCount "124"]
[EventDate "1994.10.01"]
[EventType "team-tourn"]
[EventRounds "11"]
[EventCountry "GBR"]
[SourceTitle "EXT 2022"]
[Source "ChessBase"]
[SourceDate "2021.10.06"]
[SourceVersion "1"]
[SourceVersionDate "2021.10.06"]
[SourceQuality "1"]
[WhiteTeam "South Wales Dragons"]
[BlackTeam "Na Fianna"]
[WhiteTeamCountry "WLS"]
[BlackTeamCountry "IRL"]

1. e4 e6 2. d4 d5 3. Nd2 c5 4. Ngf3 Nf6 5. exd5 Nxd5 6. Nb3 Nf6 7. Bg5 Nbd7 8. Bb5 Qb6 9. Qe2 cxd4 10. Nfxd4 a6 11. Bc4 Nc5 12. 0-0-0 Bd7 13. f4 0-0-0 14. f5 exf5 15. Bxf7 Bd6 16. Nxc5 Bxc5 17. Nb3 Bd6 18. Qc4+ Bc7 19. Rxd7 Nxd7 20. Be6 Kb8 21. Bxd8 Rxd8 22. Bxf5 Qe3+ 23. Kb1 Nf6 24. Bd3 Bxh2 25. Nc5 Rc8 26. b4 Bd6 27. Bf5 Rc6 28. Qd3 Bxc5 29. bxc5 Qxd3 30. cxd3 Rxc5 31. Bxh7 Rg5 32. Be4 Nxe4 33. dxe4 Rxg2 34. Rh8+ Kc7 35. e5 Kc6 36. e6 Kd6 37. Rb8 Kxe6 38. Rxb7 Kf5 39. Rf7+ Ke5 40. Re7+ Kd5 41. Rd7+ Kc6 42. Ra7 Kb5 43. Rb7+ Ka4 44. Rb6 a5 45. Rb7 Rg5 46. Ka1 Rg4 47. Rb3 g5 48. Rb8 Rb4 49. Rg8 Rb5 50. Rg7 Kb4 51. Kb2 Kc4+ 52. Kc2 Kd4 53. Kd2 Ke4 54. Ke2 Rb2+ 55. Kf1 Kf3 56. Rf7+ Kg4 57. Rf2 Rxf2+ 58. Kxf2 Kh3 59. Kg1 a4 60. Kh1 a3 61. Kg1 Kg3 62. Kh1 Kf3 0-1

[Event "London Cafe Baroque 5th"]
[Site "London"]
[Date "1995.??.??"]
[Round "?"]
[White "Holland, Christopher"]
[Black "Baker, Chris W"]
[Result "1-0"]
[WhiteElo "2260"]
[BlackElo "2260"]
[PlyCount "79"]
[EventDate "1995.??.??"]
[EventType "tourn"]
[EventRounds "9"]
[EventCountry "ENG"]
[EventCategory "3"]
[SourceTitle "EXT 2001"]
[Source "ChessBase"]
[SourceDate "2000.11.22"]
[SourceVersion "1"]
[SourceVersionDate "2000.11.22"]
[SourceQuality "1"]

1. d4 Nf6 2. c4 e6 3. Nc3 Bb4 4. e3 Nc6 5. Nf3 d5 6. Qc2 0-0 7. h3 Re8 8. a3 Bf8 9. cxd5 exd5 10. Bd3 g6 11. Bd2 Bg7 12. 0-0-0 a6 13. g4 Qd6 14. Kb1 Bd7 15. Ka1 b5 16. g5 b4 17. gxf6 bxc3 18. fxg7 cxd2 19. Qxd2 a5 20. Rc1 a4 21. Rc5 Nd8 22. Qc3 Ne6 23. Ra5 Rab8 24. Bc2 Rec8 25. Bxa4 Bxa4 26. Rxa4 c5 27. dxc5 Nxc5 28. Rb4 Rxb4 29. Qxb4 Rb8 30. Qf4 Qb6 31. Rb1 Nb3+ 32. Ka2 Nc1+ 33. Ka1 Rc8 34. Qa4 Nd3 35. Qd1 Qa6 36. Qe2 d4 37. Nxd4 Qc4 38. Rd1 Qa6 39. Qxd3 Rc1+ 40. Ka2 1-0

[Event "London Cafe Baroque 5th"]
[Site "London"]
[Date "1995.??.??"]
[Round "?"]
[White "Holland, Christopher"]
[Black "Tozer, Richard"]
[Result "1-0"]
[WhiteElo "2260"]
[BlackElo "2335"]
[PlyCount "45"]
[EventDate "1995.??.??"]
[EventType "tourn"]
[EventRounds "9"]
[EventCountry "ENG"]
[EventCategory "3"]
[SourceTitle "EXT 2001"]
[Source "ChessBase"]
[SourceDate "2000.11.22"]
[SourceVersion "1"]
[SourceVersionDate "2000.11.22"]
[SourceQuality "1"]

1. d4 f5 2. c4 Nf6 3. Nc3 g6 4. h4 Bg7 5. h5 Nxh5 6. e4 Nf6 7. e5 Ne4 8. Nxe4 fxe4 9. Qg4 d5 10. e6 0-0 11. Ne2 Nc6 12. Bh6 Qd6 13. Qh4 Bf6 14. Bg5 Qb4+ 15. Nc3 h5 16. 0-0-0 dxc4 17. Bxf6 exf6 18. d5 f5 19. Qg5 Ne5 20. Rxh5 Re8 21. Nxe4 c3 22. Nf6+ Kf8 23. Rh8+ 1-0

[Event "4NCL 9495 2nd Season"]
[Site "England"]
[Date "1994.10.01"]
[Round "1.4"]
[White "Holland, Christopher"]
[Black "Buckley, Graeme N"]
[Result "1-0"]
[WhiteElo "2265"]
[BlackElo "2310"]
[PlyCount "181"]
[EventDate "1994.10.01"]
[EventType "team-tourn"]
[EventRounds "11"]
[EventCountry "GBR"]
[SourceTitle "EXT 2022"]
[Source "ChessBase"]
[SourceDate "2021.10.06"]
[SourceVersion "1"]
[SourceVersionDate "2021.10.06"]
[SourceQuality "1"]
[WhiteTeam "Na Fianna"]
[BlackTeam "Midland Monarchs"]
[WhiteTeamCountry "IRL"]
[BlackTeamCountry "ENG"]

1. c4 g6 2. Nc3 Bg7 3. g3 c5 4. Bg2 Nc6 5. a3 Nf6 6. Rb1 0-0 7. b4 d6 8. b5 Ne5 9. d3 e6 10. f4 Neg4 11. e4 Qa5 12. Qd2 h5 13. Nge2 Qc7 14. 0-0 Rb8 15. h3 Nh6 16. b6 axb6 17. Na4 b5 18. cxb5 d5 19. Bb2 Ra8 20. Be5 Qd8 21. Nxc5 Qb6 22. Qb4 Rd8 23. Kh1 Kh7 24. Rfc1 Nhg8 25. Qc3 Qa7 26. Rb3 b6 27. Na6 Bxa6 28. bxa6 dxe4 29. dxe4 Qxa6 30. Nd4 Rac8 31. Qb2 Rxc1+ 32. Qxc1 Bf8 33. Nb5 Qa4 34. Qb1 Qc4 35. Rc3 Qa4 36. Qb3 Rd1+ 37. Kh2 Qxb3 38. Rxb3 Bc5 39. Bf3 Re1 40. Nd6 Bxd6 41. Bxd6 Nxe4 42. Bxe4 Rxe4 43. Rxb6 Re2+ 44. Kg1 Nf6 45. Rb7 Kg7 46. Kf1 Re3 47. Kf2 Nd5 48. Be5+ Kf8 49. Bf6 Ke8 50. Rb8+ Kd7 51. Rd8+ Kc6 52. Rxd5 Rxa3 53. Rd2 Rb3 54. Re2 Kd5 55. Re5+ Kd6 56. Re3 Rb1 57. Rd3+ Kc6 58. Ke3 Rh1 59. h4 Rb1 60. Ke4 Rb4+ 61. Bd4 Rb5 62. Be5 Rb4+ 63. Rd4 Rb7 64. Rc4+ Kd7 65. Kd4 Ra7 66. Kc5 Rb7 67. Rb4 Ra7 68. Kb6 Ra3 69. Bf6 e5 70. fxe5 Rxg3 71. Rd4+ Ke6 72. Rd6+ Kf5 73. Rd7 g5 74. hxg5 Kg6 75. Rd4 Rc3 76. Rf4 Rc8 77. Be7 Rh8 78. Rf6+ Kg7 79. Kc7 Rh7 80. Kd6 h4 81. e6 fxe6 82. Kxe6 Rh8 83. Bd6 Rh5 84. Kf5 h3 85. Bh2 Rh4 86. Ra6 Rb4 87. Ra7+ Kg8 88. Ra3 Rb5+ 89. Kg6 Rb6+ 90. Kh5 Rb2 91. Rxh3 1-0

[Event "London4"]
[Site "London"]
[Date "1994.??.??"]
[Round "?"]
[White "Anagnostopoulos, Dimitrios"]
[Black "Holland, Christopher"]
[Result "1-0"]
[WhiteElo "2425"]
[BlackElo "2220"]
[PlyCount "67"]
[EventDate "1994.??.??"]
[EventType "tourn"]
[EventRounds "14"]
[EventCountry "ENG"]
[SourceTitle "EXT 1999"]
[Source "ChessBase"]
[SourceDate "1998.11.16"]
[SourceVersion "1"]
[SourceVersionDate "1998.11.16"]
[SourceQuality "1"]

1. d4 Nf6 2. c4 e6 3. Nc3 d5 4. Bg5 c6 5. e3 h6 6. Bh4 Nbd7 7. Nf3 Be7 8. Bd3 dxc4 9. Bxc4 b5 10. Bd3 Bb7 11. 0-0 0-0 12. a3 a6 13. b4 a5 14. Qb3 Nb6 15. e4 axb4 16. axb4 g5 17. Bg3 g4 18. Rxa8 Bxa8 19. Ne5 Qxd4 20. Rb1 Nbd7 21. Ne2 Qa7 22. Nxd7 Qxd7 23. Rd1 Rd8 24. e5 Nd5 25. Bb1 f5 26. exf6 Bxf6 27. Nf4 Qe7 28. Nh5 Bg5 29. Qc2 Qf7 30. Qe4 Rd7 31. Qxg4 Kf8 32. h4 Bd8 33. Bg6 Qe7 34. Rd3 1-0

[Event "London4"]
[Site "London"]
[Date "1994.??.??"]
[Round "?"]
[White "Carton, Niall"]
[Black "Holland, Christopher"]
[Result "0-1"]
[WhiteElo "2265"]
[BlackElo "2220"]
[PlyCount "78"]
[EventDate "1994.??.??"]
[EventType "tourn"]
[EventRounds "14"]
[EventCountry "ENG"]
[SourceTitle "EXT 1999"]
[Source "ChessBase"]
[SourceDate "1998.11.16"]
[SourceVersion "1"]
[SourceVersionDate "1998.11.16"]
[SourceQuality "1"]

1. e4 g6 2. d4 Bg7 3. Nf3 d6 4. Be2 Nf6 5. Nc3 0-0 6. 0-0 a6 7. a4 b6 8. Re1 Bb7 9. Bf1 e6 10. h3 c5 11. Bg5 cxd4 12. Nxd4 Qc7 13. Qd2 Nbd7 14. Nb3 Rfd8 15. Rad1 Ne5 16. Qf4 Qe7 17. Qh4 Ned7 18. f4 e5 19. Bc4 exf4 20. Bd5 h6 21. Bxh6 Nxd5 22. Bg5 N5f6 23. Bxf4 Nf8 24. Nd4 Ne6 25. Nf5 gxf5 26. exf5 Qc7 27. fxe6 Qc6 28. Rd2 fxe6 29. Rxe6 Rf8 30. Rexd6 Qc5+ 31. Kh1 Rae8 32. Bh6 Bxh6 33. b4 Qxc3 34. R6d3 Qc7 35. Rg3+ Bg7 36. Qg5 Re1+ 37. Kh2 Rf7 38. Rf2 Qe5 39. Qh6 Ne8 0-1